La Antropología crítica latinoamericana entre los sesenta y los setenta: reflexiones desde el Cono Sur /

Αποθηκεύτηκε σε:
Λεπτομέρειες βιβλιογραφικής εγγραφής
Κύριος συγγραφέας: Garbulsky, Edgardo O.
Μορφή: Κείμενο
Ετικέτες: Προσθήκη ετικέτας
Δεν υπάρχουν, Καταχωρήστε ετικέτα πρώτοι!

MARC

LEADER 00000 a a2200000 04500
001 16041
003
040
100 |a Garbulsky, Edgardo O.  
245 |a La Antropología crítica latinoamericana entre los sesenta y los setenta:   |b reflexiones desde el Cono Sur /  |c Edgardo O. Garbulsky 
773 |g volumen 13; páginas 13-24  
999 |c 24417  |d 24417